| 000 | 00405nam a22001697a 4500 | ||
|---|---|---|---|
| 003 | CEME | ||
| 005 | 20210628202212.0 | ||
| 008 | 210113b xxu||||| |||| 00| 0 eng d | ||
| 020 | _a9788174733825 | ||
| 040 | _c. | ||
| 082 | _a621.38103 DIC | ||
| 100 |
_aSingh, Darshna _958737 |
||
| 245 | _aDictionary of electronics | ||
| 260 |
_aINDIA _bAITBS PUBLISHERS _c2012 |
||
| 300 | _a488P | ||
| 942 |
_cBK _2ddc |
||
| 999 |
_c568861 _d568861 |
||